| 000 | 00382nam a2200145Ia 4500 | ||
|---|---|---|---|
| 008 | 230917s9999||||xx |||||||||||||| ||und|| | ||
| 040 |
_e54503 _aMAIN |
||
| 041 | _aEnglish | ||
| 082 | _a823.08 N143I | ||
| 100 | _aNaik, M K | ||
| 245 | 0 | _aIndian English short story : A representive anthology | |
| 260 |
_aNew Delhi _bArnold-Heinemann _c1984 |
||
| 300 | _aiii, 280 p. | ||
| 942 | _cBK | ||
| 999 |
_c41730 _d41730 |
||